[Event "GBR-ch72"]
[Site "Edinburgh"]
[Date "1985.07.30"]
[Round "2.33"]
[White "Upton, Timothy J"]
[Black "Walker, RH.."]
[Result "1-0"]
[WhiteElo "2305"]
[BlackElo "2180"]
[PlyCount "49"]
[EventDate "1985.07.29"]
[EventType "swiss"]
[EventRounds "11"]
[EventCountry "GBR"]
[SourceTitle "BritBase"]
[Source "John Saunders"]
[SourceDate "2020.09.07"]
[SourceVersion "1"]
[SourceVersionDate "2020.09.07"]
[SourceQuality "2"]

1. e4 e6 2. d4 d5 3. Nd2 Nf6 4. e5 Nfd7 5. Bd3 c5 6. c3 Nc6 7. Ne2 cxd4 8. cxd4
f6 9. exf6 Nxf6 10. O-O Bd6 11. Nf3 Qc7 12. Bg5 O-O 13. Bh4 Nh5 14. Nc3 a6 15.
Bg3 Nxg3 16. hxg3 g6 17. Rc1 Qg7 18. Bb1 Bb8 19. Na4 Ba7 20. Nc5 Rxf3 21. gxf3
Nxd4 22. Nd3 Nf5 23. Kg2 e5 24. Re1 Bd4 25. Nxe5 1-0

[Event "GBR-ch72"]
[Site "Edinburgh"]
[Date "1985.07.30"]
[Round "2.34"]
[White "Eke, Matthew A"]
[Black "Thomas, Ian L"]
[Result "1-0"]
[WhiteElo "2128"]
[BlackElo "2295"]
[PlyCount "77"]
[EventDate "1985.07.29"]
[EventType "swiss"]
[EventRounds "11"]
[EventCountry "GBR"]
[SourceTitle "BritBase"]
[Source "John Saunders"]
[SourceDate "2020.09.07"]
[SourceVersion "1"]
[SourceVersionDate "2020.09.07"]
[SourceQuality "2"]

1. d4 b5 2. e4 Bb7 3. Nd2 a6 4. a4 b4 5. Ngf3 e6 6. Bd3 c5 7. O-O d6 8. dxc5
dxc5 9. Nc4 Nf6 10. Bg5 h6 11. Bxf6 gxf6 12. Re1 Nd7 13. Qe2 Qc7 14. c3 bxc3
15. bxc3 Bg7 16. a5 O-O 17. Rab1 Rab8 18. Nb6 f5 19. exf5 Rfe8 20. Bxa6 Bxc3
21. Red1 Bc6 22. Nxd7 Rxb1 23. Rxb1 Qxd7 24. Qe3 Bg7 25. Qxc5 exf5 26. Bf1 Be4
27. Qb5 Qe6 28. Re1 Bc3 29. Re3 Rc8 30. a6 f4 31. Re2 Qg6 32. Nh4 Qh7 33. Qd7
Ra8 34. Qg4+ Kh8 35. Qxf4 Bd3 36. Qe3 Rxa6 37. Qxd3 Qxd3 38. Re8+ Kg7 39. Bxd3
1-0

[Event "GBR-ch72"]
[Site "Edinburgh"]
[Date "1985.07.30"]
[Round "2.36"]
[White "Habershon, Paul F"]
[Black "Shovel, Kenneth"]
[Result "0-1"]
[WhiteElo "2112"]
[BlackElo "2280"]
[PlyCount "100"]
[EventDate "1985.07.29"]
[EventType "swiss"]
[EventRounds "11"]
[EventCountry "GBR"]
[SourceTitle "BritBase"]
[Source "John Saunders"]
[SourceDate "2020.09.07"]
[SourceVersion "1"]
[SourceVersionDate "2020.09.07"]
[SourceQuality "2"]

1. e4 Nf6 2. Nc3 d5 3. e5 Nfd7 4. f4 c5 5. Nf3 Nc6 6. d4 cxd4 7. Nb5 Ndb8 8. c3
Bg4 9. Be2 dxc3 10. Qxd5 Qxd5 11. Nc7+ Kd7 12. Nxd5 cxb2 13. Bxb2 e6 14. Nc3
Bc5 15. Ne4 Bb4+ 16. Kf2 Bf5 17. Rhd1+ Ke8 18. Nd6+ Bxd6 19. Rxd6 Nd7 20. Bb5
Be4 21. Rad1 Bd5 22. f5 Rc8 23. Ng5 Nf8 24. Ba4 h6 25. Nh3 g5 26. Bb3 Bxb3 27.
axb3 exf5 28. e6 Rh7 29. exf7+ Kxf7 30. Rf6+ Kg8 31. Rxf5 Ne7 32. Re5 Rc2+ 33.
Re2 Rf7+ 34. Ke1 Rxe2+ 35. Kxe2 Nc6 36. Nf2 Ne6 37. g3 Nc5 38. b4 Nxb4 39. Ng4
Re7+ 40. Kf3 Ncd3 41. Bf6 Re6 42. Nxh6+ Kh7 43. Ng4 Kg6 44. Bc3 a5 45. Nf2 Nxf2
46. Kxf2 Rb6 47. g4 Rc6 48. Be5 a4 49. Rd6+ Rxd6 50. Bxd6 Nc2 0-1

[Event "GBR-ch72"]
[Site "Edinburgh"]
[Date "1985.07.30"]
[Round "2.37"]
[White "Lewis, David Rhys"]
[Black "Knott, Simon JB"]
[Result "0-1"]
[WhiteElo "1885"]
[BlackElo "2275"]
[PlyCount "98"]
[EventDate "1985.07.29"]
[EventType "swiss"]
[EventRounds "11"]
[EventCountry "GBR"]
[SourceTitle "BritBase"]
[Source "John Saunders"]
[SourceDate "2020.09.07"]
[SourceVersion "1"]
[SourceVersionDate "2020.09.07"]
[SourceQuality "2"]

1. e4 e6 2. d4 d5 3. Nc3 Bb4 4. Nge2 dxe4 5. a3 Bxc3+ 6. Nxc3 Nc6 7. Bb5 Nge7
8. Nxe4 O-O 9. c3 Qd5 10. Bxc6 Nxc6 11. Qf3 f5 12. Nd2 f4 13. O-O Bd7 14. Re1
Rf5 15. Qxd5 exd5 16. Nf3 Re8 17. Rxe8+ Bxe8 18. Bd2 Bh5 19. Nh4 Rf8 20. Re1 g5
21. Nf3 Bxf3 22. gxf3 Kf7 23. h4 h6 24. hxg5 hxg5 25. Kf1 Re8 26. Rxe8 Kxe8 27.
a4 Na5 28. Ke2 c6 29. Kd3 b5 30. b4 Nc4 31. a5 Kf7 32. Ke2 Kg6 33. Be1 Kh5 34.
Kf1 Kh4 35. Kg2 a6 36. Kh2 Nd6 37. Kg2 Nf5 38. Bd2 Kh5 39. Kf1 Nh4 40. Ke2 Kg6
41. Be1 Kf5 42. Bd2 g4 43. fxg4+ Kxg4 44. Be1 f3+ 45. Kd3 Nf5 46. Bd2 Kh3 47.
Bf4 Kg2 48. Be3 Kf1 49. Kd2 Nxe3 0-1

[Event "GBR-ch72"]
[Site "Edinburgh"]
[Date "1985.07.30"]
[Round "2.38"]
[White "Bowden, Karl"]
[Black "Wallace, D.."]
[Result "1-0"]
[WhiteElo "2250"]
[BlackElo "1965"]
[PlyCount "71"]
[EventDate "1985.07.29"]
[EventType "swiss"]
[EventRounds "11"]
[EventCountry "GBR"]
[SourceTitle "BritBase"]
[Source "John Saunders"]
[SourceDate "2020.09.07"]
[SourceVersion "1"]
[SourceVersionDate "2020.09.07"]
[SourceQuality "2"]

1. e4 c5 2. c3 Nf6 3. e5 Nd5 4. d4 e6 5. Nf3 cxd4 6. cxd4 Nc6 7. a3 d6 8. Bd3
Qc7 9. O-O dxe5 10. dxe5 Be7 11. Re1 a6 12. Qc2 h6 13. Nc3 Nxc3 14. Qxc3 Bd7
15. Bf4 Rc8 16. Rac1 g5 17. Bg3 Kf8 18. Nd2 Qb6 19. Nc4 Qd4 20. Qd2 Na7 21. Re4
Qd5 22. Rd1 Rd8 23. Nb6 Qc5 24. Nxd7+ Rxd7 25. Ree1 Kg7 26. Qe2 Nc6 27. Bb1
Rxd1 28. Rxd1 Rd8 29. Rf1 Nd4 30. Qe4 Nf5 31. Qxb7 Rd2 32. Bxf5 exf5 33. b4 Qd4
34. Qxe7 Qd3 35. e6 Rd1 36. Qxf7+ 1-0

[Event "GBR-ch72"]
[Site "Edinburgh"]
[Date "1985.07.31"]
[Round "3.2"]
[White "Chandler, Murray G"]
[Black "Basman, Michael John"]
[Result "1-0"]
[WhiteElo "2525"]
[BlackElo "2400"]
[PlyCount "81"]
[EventDate "1985.07.29"]
[EventType "swiss"]
[EventRounds "11"]
[EventCountry "GBR"]
[SourceTitle "BritBase"]
[Source "John Saunders"]
[SourceDate "2020.09.07"]
[SourceVersion "1"]
[SourceVersionDate "2020.09.07"]
[SourceQuality "2"]

1. e4 e6 2. d4 a6 3. c4 b5 4. cxb5 axb5 5. Bxb5 Bb7 6. Nc3 Bb4 7. Qe2 f5 8. Nh3
fxe4 9. Qh5+ Kf8 10. Ng5 Nh6 11. O-O Ra5 12. Ngxe4 Nf5 13. Nc5 Ba8 14. Bg5 Qc8
15. a4 Nxd4 16. Be3 Nf5 17. Nb3 Qb7 18. Qg4 Kg8 19. Nxa5 Bxa5 20. Bd3 Nd6 21.
Bd4 Ne8 22. Ne4 Nc6 23. Nf6+ Kf7 24. Nxe8 Kxe8 25. Bxg7 Rg8 26. Bxh7 Ne5 27.
Qg3 Rxg7 28. Qxg7 c5 29. f3 Nc6 30. Rad1 d5 31. Bg6+ Kd8 32. Qg8+ Ke7 33. f4
Nd4 34. f5 exf5 35. Qf7+ Kd6 36. Qxb7 Bxb7 37. Bxf5 Ke5 38. Bg6 c4 39. h4 Ne2+
40. Kh2 Kd6 41. h5 1-0

[Event "GBR-ch72"]
[Site "Edinburgh"]
[Date "1985.07.31"]
[Round "3.3"]
[White "Condie, Mark L"]
[Black "Rogers, Ian"]
[Result "1-0"]
[WhiteElo "2405"]
[BlackElo "2510"]
[PlyCount "85"]
[EventDate "1985.07.29"]
[EventType "swiss"]
[EventRounds "11"]
[EventCountry "GBR"]
[SourceTitle "BritBase"]
[Source "John Saunders"]
[SourceDate "2020.09.07"]
[SourceVersion "1"]
[SourceVersionDate "2020.09.07"]
[SourceQuality "2"]

1. d4 c5 2. e3 cxd4 3. exd4 d5 4. c3 Nc6 5. Bd3 Qc7 6. Bg5 Nf6 7. Nd2 Bg4 8.
Ngf3 e6 9. Bh4 Bh5 10. Bg3 Bd6 11. O-O Bxg3 12. hxg3 Bg6 13. Qe2 a6 14. Rfe1
Bxd3 15. Qxd3 O-O 16. a4 Rab8 17. Ne5 b5 18. axb5 axb5 19. Nxc6 Qxc6 20. Ra5 b4
21. c4 dxc4 22. Nxc4 Rbc8 23. Rc5 Qa6 24. Qb3 Rcd8 25. Rd1 Nd5 26. Ne3 Nxe3 27.
Qxe3 Qa2 28. Qd2 b3 29. Qc3 Rd5 30. Rxd5 exd5 31. Rd3 Rb8 32. Qc7 Ra8 33. Qb7
h5 34. Rf3 Ra7 35. Qxd5 Qxb2 36. Rxb3 Qc1+ 37. Kh2 Qh6 38. Qd8+ Kh7 39. Rb8 Ra6
40. f4 Qf6 41. Qh8+ Kg6 42. Rb5 Qxd4 43. Rg5+ 1-0

[Event "GBR-ch72"]
[Site "Edinburgh"]
[Date "1985.07.31"]
[Round "3.4"]
[White "Hawksworth, John C"]
[Black "Hodgson, Julian M"]
[Result "1-0"]
[WhiteElo "2370"]
[BlackElo "2445"]
[PlyCount "112"]
[EventDate "1985.07.29"]
[EventType "swiss"]
[EventRounds "11"]
[EventCountry "GBR"]
[SourceTitle "BritBase"]
[Source "John Saunders"]
[SourceDate "2020.09.07"]
[SourceVersion "1"]
[SourceVersionDate "2020.09.07"]
[SourceQuality "2"]

1. Nf3 d5 2. d4 Nf6 3. c4 dxc4 4. e3 Bg4 5. Bxc4 e6 6. h3 Bh5 7. Nc3 Nbd7 8.
O-O a6 9. Be2 c5 10. d5 e5 11. Nd2 Bxe2 12. Qxe2 b5 13. a4 b4 14. Nce4 Nxe4 15.
Nxe4 Qc7 16. b3 c4 17. bxc4 Nb6 18. Bb2 Qxc4 19. Qg4 Qxd5 20. a5 Nd7 21. Rfd1
Qe6 22. Qxe6+ fxe6 23. Rac1 Be7 24. Rc6 Nf6 25. Nd6+ Bxd6 26. Rdxd6 Kf7 27.
Bxe5 Rhc8 28. Rxe6 Nd7 29. Bb2 Nc5 30. Rxc8 Rxc8 31. Rb6 Nd3 32. Bd4 Rc2 33.
Rxa6 Ra2 34. Kh2 Nxf2 35. Rb6 Rxa5 36. Rxb4 Rg5 37. Rb7+ Kf8 38. Rb8+ Kf7 39.
Rb7+ Kf8 40. g4 Ne4 41. Kg2 Rg6 42. Kf3 Ng5+ 43. Kg3 Ne6 44. Rb5 Ke7 45. h4 Nd8
46. Kf3 Kf7 47. Rd5 Ne6 48. Rd7+ Kf8 49. Bc3 Rh6 50. Kg3 Rg6 51. g5 h6 52. Kg4
hxg5 53. Kf5 Kg8 54. Re7 Nf8 55. h5 Rh6 56. Rxg7+ Kh8 1-0

[Event "GBR-ch72"]
[Site "Edinburgh"]
[Date "1985.07.31"]
[Round "3.5"]
[White "Horner, Jeff"]
[Black "Watson, William N"]
[Result "0-1"]
[WhiteElo "2375"]
[BlackElo "2435"]
[PlyCount "80"]
[EventDate "1985.07.29"]
[EventType "swiss"]
[EventRounds "11"]
[EventCountry "GBR"]
[SourceTitle "BritBase"]
[Source "John Saunders"]
[SourceDate "2020.09.07"]
[SourceVersion "1"]
[SourceVersionDate "2020.09.07"]
[SourceQuality "2"]

1. e4 c5 2. Nf3 d6 3. c3 Nf6 4. Bd3 Nc6 5. Bc2 Bg4 6. d3 e6 7. Nbd2 Be7 8. h3
Bh5 9. Nf1 Bg6 10. Nh4 d5 11. Nxg6 hxg6 12. Qe2 Qc7 13. Nh2 O-O-O 14. Nf3 Bd6
15. Bd2 Kb8 16. O-O-O Bf4 17. Bxf4 Qxf4+ 18. Kb1 Qc7 19. Ba4 dxe4 20. dxe4 Ne5
21. Ng5 Qe7 22. f4 Nh5 23. Qe3 Nc4 24. Qc1 e5 25. Bb3 Nxf4 26. Nf3 Nd6 27. Qe3
c4 28. Ba4 Nxg2 29. Qc5 f6 30. b3 Qc7 31. Qb4 Nxe4 32. bxc4 Qb6 33. Kb2 Qf2+
34. Ka1 Qxf3 35. Rc1 Nd6 36. Rhd1 Nc8 37. c5 Ne7 38. Rd6 Qf4 39. Qb2 Qxa4 40.
Rb1 Qe4 0-1

[Event "GBR-ch72"]
[Site "Edinburgh"]
[Date "1985.07.31"]
[Round "3.7"]
[White "Wells, Peter K"]
[Black "Flear, Glenn C"]
[Result "1-0"]
[WhiteElo "2365"]
[BlackElo "2475"]
[PlyCount "77"]
[EventDate "1985.07.29"]
[EventType "swiss"]
[EventRounds "11"]
[EventCountry "GBR"]
[SourceTitle "BritBase"]
[Source "John Saunders"]
[SourceDate "2020.09.07"]
[SourceVersion "1"]
[SourceVersionDate "2020.09.07"]
[SourceQuality "2"]

1. d4 d5 2. Nf3 Nf6 3. c4 e6 4. Nc3 c6 5. Bg5 dxc4 6. e4 b5 7. e5 h6 8. Bh4 g5
9. Nxg5 hxg5 10. Bxg5 Be7 11. exf6 Bxf6 12. Bxf6 Qxf6 13. Qd2 Na6 14. a4 Rh4
15. axb5 Rxd4 16. Qe3 Nb4 17. Rc1 Bd7 18. Ne4 Qe5 19. Nd2 Qg7 20. Nxc4 cxb5 21.
Ne5 Rd5 22. f4 f6 23. Qg3 Qh7 24. Nxd7 Kxd7 25. f5 Re5+ 26. Be2 Rg8 27. Qf3 Nd5
28. fxe6+ Kxe6 29. O-O Qe4 30. Bxb5 Rxg2+ 31. Kxg2 Ne3+ 32. Kh1 Nxf1 33. Qxe4
Rxe4 34. Bxf1 Rb4 35. b3 Ke5 36. Bc4 f5 37. Ra1 Rb7 38. Ra5+ Kf6 39. Kg2 1-0

[Event "GBR-ch72"]
[Site "Edinburgh"]
[Date "1985.07.31"]
[Round "3.8"]
[White "King, Daniel J"]
[Black "Ivell, Nicholas W"]
[Result "1-0"]
[WhiteElo "2435"]
[BlackElo "2350"]
[PlyCount "81"]
[EventDate "1985.07.29"]
[EventType "swiss"]
[EventRounds "11"]
[EventCountry "GBR"]
[SourceTitle "BritBase"]
[Source "John Saunders"]
[SourceDate "2020.09.07"]
[SourceVersion "1"]
[SourceVersionDate "2020.09.07"]
[SourceQuality "2"]

1. e4 c5 2. Nf3 e6 3. c3 d5 4. exd5 exd5 5. d4 Nc6 6. Be2 Bd6 7. dxc5 Bxc5 8.
Nbd2 Nge7 9. Nb3 Bd6 10. Bg5 O-O 11. O-O Bg4 12. Nfd4 Bxe2 13. Qxe2 Re8 14.
Rfe1 Nxd4 15. Nxd4 a6 16. Qf3 Qa5 17. a3 Ng6 18. Nf5 Bf8 19. h4 h6 20. Be3 Qd8
21. h5 Nh4 22. Nxh4 Qxh4 23. Qxd5 Rad8 24. Qf5 Bd6 25. Qh3 Qxh3 26. gxh3 Bc7
27. Rad1 b5 28. Kf1 Rc8 29. Rd5 Bb8 30. Bb6 Bf4 31. Bc5 Bg5 32. Rxe8+ Rxe8 33.
Bb4 Re4 34. b3 Bc1 35. Rd6 a5 36. Bxa5 Bxa3 37. Rd5 b4 38. c4 Rh4 39. Kg2 Re4
40. c5 Re2 41. c6 1-0

[Event "GBR-ch72"]
[Site "Edinburgh"]
[Date "1985.07.31"]
[Round "3.9"]
[White "Bryson, Douglas"]
[Black "McNab, Colin Anderson"]
[Result "1/2-1/2"]
[WhiteElo "2275"]
[BlackElo "2420"]
[PlyCount "58"]
[EventDate "1985.07.29"]
[EventType "swiss"]
[EventRounds "11"]
[EventCountry "GBR"]
[SourceTitle "BritBase"]
[Source "John Saunders"]
[SourceDate "2020.09.07"]
[SourceVersion "1"]
[SourceVersionDate "2020.09.07"]
[SourceQuality "2"]

1. e4 g6 2. d4 d6 3. Nc3 Bg7 4. f4 Nf6 5. Nf3 O-O 6. Bd3 Na6 7. O-O c5 8. d5
Rb8 9. Kh1 Nc7 10. a4 a6 11. a5 Nb5 12. Bxb5 axb5 13. e5 dxe5 14. fxe5 Ng4 15.
Bf4 Ra8 16. Nxb5 Rxa5 17. Rxa5 Qxa5 18. c4 Bd7 19. Nc3 Qb4 20. Qe2 b5 21. h3
Nh6 22. e6 fxe6 23. dxe6 Bc6 24. Ne5 Bxe5 25. Bxh6 Rxf1+ 26. Qxf1 Bf6 27. cxb5
Bb7 28. Qf4 Qxf4 29. Bxf4 Bd4 1/2-1/2

[Event "GBR-ch72"]
[Site "Edinburgh"]
[Date "1985.07.31"]
[Round "3.10"]
[White "Conquest, Stuart"]
[Black "Barua, Dibyendu"]
[Result "0-1"]
[WhiteElo "2345"]
[BlackElo "2410"]
[PlyCount "60"]
[EventDate "1985.07.29"]
[EventType "swiss"]
[EventRounds "11"]
[EventCountry "GBR"]
[SourceTitle "BritBase"]
[Source "John Saunders"]
[SourceDate "2020.09.07"]
[SourceVersion "1"]
[SourceVersionDate "2020.09.07"]
[SourceQuality "2"]

1. c4 e5 2. g3 Nc6 3. Bg2 g6 4. a3 a5 5. b3 Bg7 6. Bb2 Nge7 7. Nc3 O-O 8. e3 d6
9. Nge2 Bf5 10. d4 exd4 11. exd4 Qd7 12. h3 h5 13. Qd2 Rfe8 14. O-O-O d5 15.
cxd5 Nb4 16. axb4 axb4 17. Ne4 Nxd5 18. Nc5 Qc6 19. Bxd5 Qxd5 20. Nf4 Qc6 21.
g4 Be4 22. Rhg1 hxg4 23. hxg4 b6 24. Nh5 Bh8 25. Ng3 bxc5 26. d5 Bxb2+ 27. Qxb2
Qa6 28. Rde1 Qd3 29. Re2 c4 30. Rd1 c3 0-1

[Event "GBR-ch72"]
[Site "Edinburgh"]
[Date "1985.07.31"]
[Round "3.11"]
[White "Thomson, Craig"]
[Black "Martin, Andrew D"]
[Result "1/2-1/2"]
[WhiteElo "2260"]
[BlackElo "2410"]
[PlyCount "60"]
[EventDate "1985.07.29"]
[EventType "swiss"]
[EventRounds "11"]
[EventCountry "GBR"]
[SourceTitle "BritBase"]
[Source "John Saunders"]
[SourceDate "2020.09.07"]
[SourceVersion "1"]
[SourceVersionDate "2020.09.07"]
[SourceQuality "2"]

1. d4 d5 2. c4 c6 3. Nf3 Nf6 4. Nc3 dxc4 5. a4 Bf5 6. e3 e6 7. Bxc4 Bb4 8. O-O
O-O 9. Nh4 Nbd7 10. Nxf5 exf5 11. Qb3 Qb6 12. Na2 Bd6 13. Qxb6 axb6 14. b3 Rfe8
15. Bb2 f4 16. exf4 Bxf4 17. Nc3 Rad8 18. Rad1 Bd6 19. Rfe1 Rxe1+ 20. Rxe1 Bb4
21. Rd1 Nf8 22. d5 Bxc3 23. Bxc3 Nxd5 24. g3 Ne6 25. Bb2 f6 26. Bc1 Kf8 27.
Ba3+ Kf7 28. Bc1 Nc5 29. Ba3 Ne6 30. Bc1 Nc5 1/2-1/2

[Event "GBR-ch72"]
[Site "Edinburgh"]
[Date "1985.07.31"]
[Round "3.12"]
[White "Emms, John"]
[Black "Kosten, Anthony C"]
[Result "0-1"]
[WhiteElo "2245"]
[BlackElo "2395"]
[PlyCount "68"]
[EventDate "1985.07.29"]
[EventType "swiss"]
[EventRounds "11"]
[EventCountry "GBR"]
[SourceTitle "BritBase"]
[Source "John Saunders"]
[SourceDate "2020.09.07"]
[SourceVersion "1"]
[SourceVersionDate "2020.09.07"]
[SourceQuality "2"]

1. e4 e6 2. d4 d5 3. Nd2 Nf6 4. e5 Nfd7 5. f4 c5 6. c3 Nc6 7. Ndf3 cxd4 8. cxd4
Qb6 9. g3 Bb4+ 10. Kf2 g5 11. Be3 f6 12. Bh3 O-O 13. Bg4 fxe5 14. fxe5 Bc5 15.
Bxe6+ Kh8 16. dxc5 Qxb2+ 17. Bd2 g4 18. Bxd5 Ndxe5 19. Bxc6 bxc6 20. Rb1 Qd4+
21. Be3 Nd3+ 22. Ke2 gxf3+ 23. Nxf3 Qe4 24. Qxd3 Ba6 25. Qxa6 Qxf3+ 26. Kd2
Rfd8+ 27. Kc2 Qe4+ 28. Kb2 Rab8+ 29. Ka3 Qxe3+ 30. Rb3 Qxc5+ 31. Kb2 Rd2+ 32.
Kb1 Rxb3+ 33. axb3 Qc2+ 34. Ka1 Qb2# 0-1

[Event "GBR-ch72"]
[Site "Edinburgh"]
[Date "1985.07.31"]
[Round "3.13"]
[White "Ravikumar, Vaidyanathan"]
[Black "Abayasekera, Roger"]
[Result "1-0"]
[WhiteElo "2370"]
[BlackElo "2200"]
[PlyCount "45"]
[EventDate "1985.07.29"]
[EventType "swiss"]
[EventRounds "11"]
[EventCountry "GBR"]
[SourceTitle "BritBase"]
[Source "John Saunders"]
[SourceDate "2020.09.07"]
[SourceVersion "1"]
[SourceVersionDate "2020.09.07"]
[SourceQuality "2"]

1. d4 Nf6 2. c4 e6 3. Nf3 b6 4. Nc3 Bb7 5. e3 Be7 6. Bd3 d5 7. O-O O-O 8. b3
Ne4 9. Bb2 Nd7 10. Qc2 Ndf6 11. Rfd1 a6 12. Ne5 Bd6 13. Na4 Be7 14. c5 b5 15.
c6 Bc8 16. Nc5 Nxc5 17. dxc5 Qe8 18. b4 Rb8 19. h3 g6 20. Qc3 Qd8 21. Bc2 h5
22. g4 hxg4 23. hxg4 1-0

[Event "GBR-ch72"]
[Site "Edinburgh"]
[Date "1985.07.31"]
[Round "3.14"]
[White "Hebden, Mark L"]
[Black "Muir, Andrew Joseph"]
[Result "1-0"]
[WhiteElo "2455"]
[BlackElo "2285"]
[PlyCount "94"]
[EventDate "1985.07.29"]
[EventType "swiss"]
[EventRounds "11"]
[EventCountry "GBR"]
[SourceTitle "BritBase"]
[Source "John Saunders"]
[SourceDate "2020.09.07"]
[SourceVersion "1"]
[SourceVersionDate "2020.09.07"]
[SourceQuality "2"]

1. e4 e6 2. Nc3 d5 3. d4 dxe4 4. Nxe4 Bd7 5. Nf3 Bc6 6. Bd3 Nd7 7. O-O Ngf6 8.
Ng3 Be7 9. Re1 O-O 10. c3 b6 11. Bg5 Nd5 12. Bd2 N7f6 13. a3 Bd6 14. Ne5 Bb7
15. Nh5 Nxh5 16. Qxh5 f5 17. Nf3 Nf6 18. Qh3 Qd7 19. Ng5 Bd5 20. c4 Be4 21.
Bxe4 fxe4 22. Nxe4 Nxe4 23. Rxe4 Rf6 24. Rae1 Raf8 25. Be3 Qc6 26. Rh4 Qxc4 27.
Rxh7 Qc2 28. Rh8+ Kf7 29. Qh5+ Rg6 30. Rxf8+ Kxf8 31. g3 Rf6 32. Qe2 Qxe2 33.
Rxe2 Rf5 34. Kg2 Rb5 35. Kf3 Kf7 36. Ke4 a5 37. Rc2 Ke7 38. h4 Rd5 39. a4 g6
40. g4 Kd7 41. f4 Be7 42. Rh2 b5 43. b3 bxa4 44. bxa4 Bf6 45. h5 gxh5 46. Rxh5
c6 47. Rh7+ Ke8 1-0

[Event "GBR-ch72"]
[Site "Edinburgh"]
[Date "1985.07.31"]
[Round "3.15"]
[White "Hartston, William Roland"]
[Black "Upton, Timothy J"]
[Result "1-0"]
[WhiteElo "2430"]
[BlackElo "2305"]
[PlyCount "65"]
[EventDate "1985.07.29"]
[EventType "swiss"]
[EventRounds "11"]
[EventCountry "GBR"]
[SourceTitle "BritBase"]
[Source "John Saunders"]
[SourceDate "2020.09.07"]
[SourceVersion "1"]
[SourceVersionDate "2020.09.07"]
[SourceQuality "2"]

1. e4 e5 2. Bc4 Nc6 3. Nc3 Nf6 4. d3 Na5 5. Nge2 Be7 6. Ng3 d6 7. h3 O-O 8. Qf3
c6 9. Nf5 Bxf5 10. Qxf5 Nxc4 11. dxc4 d5 12. cxd5 cxd5 13. O-O d4 14. Ne2 Qc7
15. c3 d3 16. Ng3 Rfd8 17. Rd1 Rd7 18. Qf3 Rad8 19. Nf5 Bf8 20. Bg5 Qc6 21.
Nh6+ Kh8 22. Ng4 Nxg4 23. Bxd8 Nxf2 24. Kxf2 Rxd8 25. Rxd3 Rxd3 26. Qxd3 Qb6+
27. Kg3 g6 28. b4 Bh6 29. Kh2 Qf2 30. a4 Bf4+ 31. Kh1 g5 32. Qf3 Qh4 33. Rf1
1-0

[Event "GBR-ch72"]
[Site "Edinburgh"]
[Date "1985.07.31"]
[Round "3.16"]
[White "Cummings, David H"]
[Black "Bowden, Karl"]
[Result "1/2-1/2"]
[WhiteElo "2415"]
[BlackElo "2250"]
[PlyCount "77"]
[EventDate "1985.07.29"]
[EventType "swiss"]
[EventRounds "11"]
[EventCountry "GBR"]
[SourceTitle "BritBase"]
[Source "John Saunders"]
[SourceDate "2020.09.07"]
[SourceVersion "1"]
[SourceVersionDate "2020.09.07"]
[SourceQuality "2"]

1. Nf3 g6 2. d4 Bg7 3. c4 d6 4. Nc3 Nf6 5. e4 O-O 6. Be2 e5 7. dxe5 dxe5 8.
Qxd8 Rxd8 9. Bg5 Re8 10. Nd5 Nxd5 11. cxd5 c6 12. Bc4 cxd5 13. Bxd5 Na6 14.
O-O-O Nc7 15. Bb3 a5 16. a3 a4 17. Ba2 Be6 18. Kb1 b5 19. Be3 Rab8 20. Ng5
Bxa2+ 21. Kxa2 Bh6 22. h4 Bxg5 23. hxg5 b4 24. axb4 Rxb4 25. f3 Reb8 26. Rd2
Ne6 27. Rc1 Kg7 28. Bc5 R4b5 29. Bd6 R8b7 30. Rc4 Nxg5 31. Rxa4 h5 32. b4 f5
33. exf5 gxf5 34. Bc5 h4 35. Rd5 h3 36. gxh3 Nxf3 37. Ra3 Nd4 38. Rxe5 Nc2 39.
Ra5 1/2-1/2

[Event "GBR-ch72"]
[Site "Edinburgh"]
[Date "1985.07.31"]
[Round "3.17"]
[White "Pritchett, Craig William"]
[Black "Mooney, David P"]
[Result "1-0"]
[WhiteElo "2395"]
[BlackElo "2245"]
[PlyCount "107"]
[EventDate "1985.07.29"]
[EventType "swiss"]
[EventRounds "11"]
[EventCountry "GBR"]
[SourceTitle "BritBase"]
[Source "John Saunders"]
[SourceDate "2020.09.07"]
[SourceVersion "1"]
[SourceVersionDate "2020.09.07"]
[SourceQuality "2"]

1. e4 e5 2. Nf3 Nc6 3. Bb5 a6 4. Ba4 Nf6 5. O-O Be7 6. Re1 b5 7. Bb3 d6 8. c3
O-O 9. h3 h6 10. d4 Re8 11. Nbd2 Bf8 12. Nf1 Bb7 13. Ng3 Na5 14. Bc2 Nc4 15. b3
Nb6 16. a4 bxa4 17. bxa4 a5 18. Bd3 Qd7 19. d5 Ba6 20. Bxa6 Rxa6 21. Qb3 Rb8
22. Be3 Raa8 23. Qa2 Nc8 24. c4 c6 25. Reb1 cxd5 26. cxd5 g5 27. Nd2 Rb4 28.
Rxb4 axb4 29. Qc4 Qb7 30. a5 Qa6 31. Qxb4 Kh7 32. Qc4 Be7 33. Qxa6 Rxa6 34. Nc4
Bd8 35. Rb1 Ra8 36. Rb5 Ne8 37. Nf5 Kg6 38. Bd2 Nc7 39. Rb7 Nxd5 40. Nfxd6 Nxd6
41. Nxd6 Nf6 42. Nxf7 Nxe4 43. Nxd8 Nxd2 44. Rb6+ Kf5 45. Nb7 Ke4 46. Rxh6 Kd3
47. Rc6 Ke2 48. Rc2 e4 49. Nc5 e3 50. fxe3 Kxe3 51. a6 Rf8 52. a7 Rf1+ 53. Kh2
Ra1 54. Rxd2 1-0

[Event "GBR-ch72"]
[Site "Edinburgh"]
[Date "1985.07.31"]
[Round "3.18"]
[White "Shovel, Kenneth"]
[Black "Arkell, Keith C"]
[Result "0-1"]
[WhiteElo "2280"]
[BlackElo "2385"]
[PlyCount "114"]
[EventDate "1985.07.29"]
[EventType "swiss"]
[EventRounds "11"]
[EventCountry "GBR"]
[SourceTitle "BritBase"]
[Source "John Saunders"]
[SourceDate "2020.09.07"]
[SourceVersion "1"]
[SourceVersionDate "2020.09.07"]
[SourceQuality "2"]

1. d4 c5 2. d5 e5 3. c4 d6 4. e4 Be7 5. Nf3 Bg4 6. Nbd2 Nf6 7. Qc2 Qa5 8. Be2
Na6 9. O-O Nh5 10. Nb3 Qd8 11. Ne1 Bxe2 12. Qxe2 g6 13. g3 O-O 14. f4 exf4 15.
gxf4 Bf6 16. Nd3 Re8 17. Bd2 b5 18. Rac1 Qd7 19. Qf3 bxc4 20. Rxc4 Nc7 21. e5
dxe5 22. fxe5 Bxe5 23. Nbxc5 Qxd5 24. Nxe5 Rxe5 25. Nd3 Rf5 26. Qxd5 Rxf1+ 27.
Kxf1 Nxd5 28. Rd4 Nb6 29. Ne5 Rc8 30. Nd7 Nc4 31. Bc3 f6 32. Ke2 g5 33. Kd3
Nf4+ 34. Kc2 Ne3+ 35. Kb3 Nfd5 36. Rd3 Kf7 37. Nxf6 Rb8+ 38. Ka4 Nxc3+ 39. bxc3
Nc4 40. Rf3 Kg6 41. Nd5 Rb2 42. Rf6+ Kg7 43. Re6 Rxh2 44. Kb4 Rh4 45. Kb5 Na3+
46. Kc6 Rh6 47. Rxh6 Kxh6 48. Ne3 Kg6 49. c4 h5 50. c5 h4 51. Kb7 h3 52. Nf1
Nc4 53. Kxa7 g4 54. c6 Kg5 55. c7 Nd6 56. Kb8 Kf4 57. a4 g3 0-1